000 00753nam a2200205 i 4500
001 bg
245 0 0 _aDyrektywy Europejskiej Wspólnoty Gospodarczej dotyczące ochrony pracy.
_nT. 4 /
_c[red. nauk. Danuta Koradecka ; weryfikacja mmerytor. i tł. z ang. i fr. M. Benczek et al.] ; Centralny Instytut Ochrony Pracy.
260 _aWarszawa :
_bCIOP,
_c1995.
300 _a315 s. ;
_c24 cm.
650 4 _aBhp
_xprawo wspólnotowe europejskie
_ystan na 1992 r.
700 1 _aKoradecka, Danuta
_d(1939- ).
_eRed.
700 1 _aBenczek, K. M.
710 0 _aCentralny Instytut Ochrony Pracy
040 _cBPK
041 1 _apl
_hen
080 _a349.23/.24(4-15)
080 _a331.45/.46(4-15)
942 _cKS
008 s pl f |000 0 pol
999 _c38479
_d38479
856 _uhttp://koha.tu.koszalin.pl/cgi-bin/koha/opac-detail.pl?biblionumber=38479
_yKatalog online BPK